000
00188 a2200097 4500
001
13865
100
_a
Potls
245
_a
Comedy
260
_a
London
_b
Hutchinson
_c
090
_c
10836
_d
10836
942
_a
NUST-CAE
_c
M
_c
932
999
_c
248938
_d
248938